| 000 | 00476nam a2200181Ia 4500 | ||
|---|---|---|---|
| 003 | GCL | ||
| 008 | 140319s9999 xx 000 0 eng d | ||
| 040 |
_aGCL / _cGCL |
||
| 082 | 0 | 4 |
_acc _b962.069 _bA L |
| 100 | 1 | _aABDEL RAHMAN, M.H. | |
| 245 | 1 | 0 |
_aLES MUSEES DU MONDE: LECAIRE LE MUSEE EGYPTIEN / _cABDEL RAHMAN, M.H. |
| 260 |
_a[S.N] : _bNONE ، _c1971 |
||
| 300 | _a170 P | ||
| 650 | 0 | 4 | _aCAIRO |
| 650 | 0 | 4 | _aANCIENT CAIRO |
| 650 | 0 | 4 | _aEGYPT, MUSEUMS |
| 942 |
_2ddc _cBK |
||
| 999 |
_c19318 _d19318 |
||